000 00709nam a2200229Ia 4500
008 191130s2001##################000#0#eng##
020 _a9780262692397
022 _a38665
040 _aACL
_cACL
082 _a363.705 BOL.2
245 _aLearning to manage global environmental risks
_cthe Social Learning Group
260 _aCambridge, MA
_bMIT Press
_cc2001
300 _a2 v. : ill. ; 29 cm
500 _aIncludes bibliographical references and indexes
650 _aEnvironmental management
650 _aEnvironmental policy
650 _aGlobal environmental change
710 _aSocial Learning Group
990 _ac1036935ac10000c2fbd18c30ef13712
991 _a357290
999 _c230853
_d230853